NBA Dunk Contest Winners - Statistics

General Stats
  • This quiz has been taken 21 times
  • The average score is 21 of 40
Answer Stats
Hint Answer % Correct
1987 Michael Jordan
100%
1988 Michael Jordan
100%
1985 Dominique Wilkins
89%
1990 Dominique Wilkins
89%
2000 Vince Carter
84%
2008 Dwight Howard
74%
1997 Kobe Bryant
74%
2023 Mac McClung
68%
2024 Mac McClung
68%
2025 Mac McClung
68%
2015 Zach LaVine
68%
2016 Zach LaVine
68%
2017 Glenn Robinson III
63%
2006 Nate Robinson
63%
2009 Nate Robinson
63%
2010 Nate Robinson
63%
1991 Dee Brown
58%
2020 Derrick Jones JR
53%
2004 Fred Jones
53%
1986 Spud Webb
53%
2011 Blake Griffin
47%
2002 Jason Richardson
47%
2003 Jason Richardson
47%
2005 Josh Smith
47%
1984 Larry Nance
42%
2007 Gerald Green
37%
2014 John Wall
37%
2001 Desmond Mason
32%
2018 Donovan Mitchell
32%
1989 Kenny Walker
32%
2021 Anfernee Simons
26%
1992 Cedric Ceballos
26%
1993 Harold Miner
26%
1995 Harold Miner
26%
2022 Obi Toppin
26%
2013 Terrance Ross
26%
1996 Brent Barry
21%
2019 Hamidou Diallo
21%
1994 Isiah Rider
21%
2012 Jeremy Evans
21%
No matching quizzes found
Score Distribution
Percent of People with Each Score
Percentile by Number Answered
Your Score History
You have not taken this quiz